Normal view
MARC view
- More,T.A
Entry Personal Name
001 - CONTROL NUMBER
- control field: 849
003 - CONTROL NUMBER IDENTIFIER
- control field: OSt
005 - DATE AND TIME OF LATEST TRANSACTION
- control field: 20160711103723.0
008 - FIXED-LENGTH DATA ELEMENTS
- fixed length control field: 160711|| aca||aabn | a|a d
040 ## - CATALOGING SOURCE
- Original cataloging agency: OSt
- Transcribing agency: OSt
100 ## - HEADING--PERSONAL NAME
- Personal name: More,T.A
670 ## - SOURCE DATA FOUND
- Source citation: Work cat.: (OSt): Kadlag,A.D 848, Dryland Agriculture, 2014
